LEADER 00986nam a2200277 i 4500 001 991001087159707536 005 20020507111109.0 008 970308s1968 us ||| | eng 035 $ab10171800-39ule_inst 035 $aLE00641922$9ExL 040 $aDip.to Fisica$bita 084 $a62'.3817'3 084 $a621.3.2.5 084 $aTK7874 100 1 $aSideris, George$0462876 245 10$aMicroelectronic packaging :$binterconnection and assembly of integrated circuits /$cGeorge Sideris 260 $aNew York :$bMcGraw-Hill Book Co.,$c1968 300 $ax, 299 p. :$bill. ;$c26 cm. 500 $aIncludes bibliographies. 650 4$aIntegrated circuits 907 $a.b10171800$b21-09-06$c27-06-02 912 $a991001087159707536 945 $aLE006 621.3.2 SID$g1$i2006000053518$lle006$o-$pE0.00$q-$rl$s- $t0$u0$v0$w0$x0$y.i10210805$z27-06-02 996 $aMicroelectronic packaging$9189711 997 $aUNISALENTO 998 $ale006$b01-01-97$cm$da $e-$feng$gus $h0$i1